|
|
|
|
| LEADER |
00000nlm0a2200000 4500 |
| 001 |
247324 |
| 005 |
20231101232305.0 |
| 035 |
|
|
|a (RuTPU)RU\TPU\book\268809
|
| 090 |
|
|
|a 247324
|
| 100 |
|
|
|a 20131223d2013 k y0rusy50 ca
|
| 101 |
0 |
|
|a rus
|
| 102 |
|
|
|a RU
|
| 105 |
|
|
|a a z 001zy
|
| 135 |
|
|
|a drcn ---uucaa
|
| 181 |
|
0 |
|a i
|
| 182 |
|
0 |
|a b
|
| 200 |
1 |
|
|a Оптимальная оценка переменных состояния электромеханического объекта
|b Электронный ресурс
|e монография
|f В. С. Лаходынов, В. Г. Букреев
|g Национальный исследовательский Томский политехнический университет (ТПУ)
|
| 203 |
|
|
|a Текст
|c электронный
|
| 210 |
|
|
|a Saarbrucken
|c LAP Lambert Academic Publishing
|d 2013
|
| 230 |
|
|
|a 1 компьютерный файл (pdf; 3.4 MB)
|
| 300 |
|
|
|a Заглавие с титульного экрана
|
| 330 |
|
|
|a Предлагаются модели оценки и прогноза неизмеряемых переменных состояния нелинейного электромеханического объекта на основе адаптивных систем с задающей моделью (MRAS – model reference adaptive system) и авторегрессионной зависимости в наблюдениях. Для определения ядерной функции регрессии используются критерии скользящего контроля и максимального правдоподобия. Приводятся результаты численного моделирования и экспериментальных исследований
|
| 337 |
|
|
|a Adobe Reader
|
| 606 |
1 |
|
|a Электромеханические системы
|2 stltpush
|3 (RuTPU)RU\TPU\subj\20263
|9 45374
|
| 610 |
1 |
|
|a электронный ресурс
|
| 610 |
1 |
|
|a труды учёных ТПУ
|
| 610 |
1 |
|
|a монографии
|
| 610 |
1 |
|
|a нелинейные объекты
|
| 610 |
1 |
|
|a электромеханические объекты
|
| 610 |
1 |
|
|a непараметрическая идентификация
|
| 610 |
1 |
|
|a MRAS
|
| 610 |
1 |
|
|a model reference adaptive system
|
| 610 |
1 |
|
|a адаптивные системы
|
| 610 |
1 |
|
|a эталонные модели
|
| 610 |
1 |
|
|a нелинейные модели
|
| 610 |
1 |
|
|a регрессионные модели
|
| 675 |
|
|
|a 621.31
|v 3
|
| 700 |
|
1 |
|a Лаходынов
|b В. С.
|c специалист в области информатики и вычислительной техники
|c доцент Томского политехнического университета, кандидат технических наук
|f 1985-
|g Виктор Сергеевич
|2 stltpush
|3 (RuTPU)RU\TPU\pers\35597
|
| 701 |
|
1 |
|a Букреев
|b В. Г.
|c специалист в области электротехники
|c профессор Томского политехнического университета, доктор технических наук
|f 1952-
|g Виктор Григорьевич
|2 stltpush
|3 (RuTPU)RU\TPU\pers\26527
|
| 712 |
0 |
2 |
|a Национальный исследовательский Томский политехнический университет (ТПУ)
|c (2009- )
|2 stltpush
|3 (RuTPU)RU\TPU\col\15902
|
| 801 |
|
2 |
|a RU
|b 63413507
|c 20151118
|g RCR
|
| 856 |
4 |
|
|u http://www.lib.tpu.ru/fulltext/m/2013/m17.pdf
|
| 942 |
|
|
|c CF
|